Vainqueurs du Master 1000 du Canada - Statistiques

Statistiques générales
  • Ce quiz a été pris 23 fois
  • Le résultat moyen est 23 sur 34
Statistiques - réponses
Réponse % Correct
2016 Djokovic
100%
2012 Djokovic
100%
2011 Djokovic
100%
2007 Djokovic
100%
2006 Federer
100%
2004 Federer
100%
2019 Nadal
100%
2018 Nadal
100%
2013 Nadal
100%
2008 Nadal
100%
2005 Nadal
100%
2021 Medvedev
94%
2023 Sinner
94%
2015 Murray
89%
2010 Murray
89%
2009 Murray
89%
2017 Zverev
89%
2014 Tsonga
78%
1995 Agassi
72%
1994 Agassi
72%
1992 Agassi
72%
2024 Popyrin
56%
2000 Safin
56%
2022 Carreno Busta
50%
1990 Chang
50%
2003 Roddick
44%
1998 Rafter
28%
2001 Pavel
17%
1993 Pernfors
17%
1997 Woodruff
17%
1991 Chesnokov
11%
1996 Ferreira
11%
1999 Johansson
11%
2002 Cañas
6%
Aucun quiz correspondant
Distribution des résultats
% des personnes avec chaque résultat
Percentile par nombre de réponses
Votre historique - résultats
Vous n’avez pas pris ce quiz